Southville International School and Colleges
Your cart is empty.
  • Cart
  • Lists
    Public lists Eva Luna New books Lux_list list_1
    Your lists Log in to create your own lists
  • Log in to your account
  • Your cookies
  • Search history
Southville International School and Colleges
  • Advanced search
  • Recent comments
  • Most popular
  • Libraries

Log in to your account

Log in with GOOGLE


If you do not have an external account, but do have a local account, you can still log in:

  1. Home
  2. MARC view: The elements of investing :
Normal view MARC view ISBD view

The elements of investing : (Record no. 277373)

[ view plain ]
MARC details
000 -LEADER
fixed length control field 02266cam a2200385 i 4500
001 - CONTROL NUMBER
control field 17563234
005 - DATE AND TIME OF LATEST TRANSACTION
control field 20150122161531.0
008 - FIXED-LENGTH DATA ELEMENTS--GENERAL INFORMATION
fixed length control field 121214s2013 nju b 001 0 eng
010 ## - LIBRARY OF CONGRESS CONTROL NUMBER
LC control number 2012048011
020 ## - INTERNATIONAL STANDARD BOOK NUMBER
International Standard Book Number 9781118484876 (hbk.)
020 ## - INTERNATIONAL STANDARD BOOK NUMBER
Cancelled/invalid ISBN 9781118553749 (ebk.)
020 ## - INTERNATIONAL STANDARD BOOK NUMBER
Cancelled/invalid ISBN 9781118223756 (ebk.)
020 ## - INTERNATIONAL STANDARD BOOK NUMBER
Cancelled/invalid ISBN 9781118632949 (ebk.)
040 ## - CATALOGING SOURCE
Original cataloging agency DLC
Language of cataloging eng
Transcribing agency DLC
Description conventions rda
042 ## - AUTHENTICATION CODE
Authentication code pcc
050 00 - LIBRARY OF CONGRESS CALL NUMBER
Classification number HG 4521
Item number .M2827 2013
082 00 - DEWEY DECIMAL CLASSIFICATION NUMBER
Classification number 332.6
100 1# - MAIN ENTRY--PERSONAL NAME
Personal name Malkiel, Burton Gordon.
245 14 - TITLE STATEMENT
Title The elements of investing :
Remainder of title easy lessons for every investor /
Statement of responsibility, etc Burton G. Malkiel, Charles D. Ellis ; preface by Gus Sauter ; foreword by David Swensen.
250 ## - EDITION STATEMENT
Edition statement Updated Edition.
260 ## - PUBLICATION, DISTRIBUTION, ETC. (IMPRINT)
Place of publication, distribution, etc Hoboken, NJ :
Name of publisher, distributor, etc John Wiley & Son Inc.,
Date of publication, distribution, etc c2013.
300 ## - PHYSICAL DESCRIPTION
Extent xxv,182 pages :
Dimensions 20 cm
500 ## - GENERAL NOTE
General note Includes bibliographical references (pages 165-166) and index.
505 0# - FORMATTED CONTENTS NOTE
Formatted contents note Preface to updated edition -- Foreword -- Introduction -- It all starts with saving -- Save -- First do no harm -- Start saving early : time is money -- The amazing rule of 72 -- Savvy savings -- Small savings tips -- Big ways to save -- Let the government help you save -- Own your home -- How do I catch up? -- Index -- Nobody knows more than the market -- The index fund solution -- Don't some beat the market? -- Index bonds -- Index internationally -- Index funds have big advantages -- Warning -- Confession -- Diversify -- Diversify across asset classes -- Diversify across markets -- Diversify over time -- Rebalance -- Avoid blunders -- Overconfi dence -- Beware of Mr. Market -- The penalty of timing -- More mistakes -- Minimize costs -- Recommended reading -- Acknowledgments -- About the authors -- Index.
521 ## - TARGET AUDIENCE NOTE
Target audience note Business Administration
650 #0 - SUBJECT ADDED ENTRY--TOPICAL TERM
Topical term or geographic name as entry element Investments.
650 #0 - SUBJECT ADDED ENTRY--TOPICAL TERM
Topical term or geographic name as entry element Finance, Personal.
650 #0 - SUBJECT ADDED ENTRY--TOPICAL TERM
Topical term or geographic name as entry element Portfolio management.
650 #0 - SUBJECT ADDED ENTRY--TOPICAL TERM
Topical term or geographic name as entry element Investment analysis.
700 1# - ADDED ENTRY--PERSONAL NAME
Personal name Ellis, Charles D.
776 08 - ADDITIONAL PHYSICAL FORM ENTRY
Display text Online version:
Main entry heading Malkiel, Burton Gordon.
Title Elements of investing
Edition Updated Edition.
Place, publisher, and date of publication Hoboken : Wiley, 2013
International Standard Book Number 9781118553756
Record control number (DLC) 2012050403
906 ## - LOCAL DATA ELEMENT F, LDF (RLIN)
a 7
b cbc
c orignew
d 1
e ecip
f 20
g y-gencatlg
942 ## - ADDED ENTRY ELEMENTS (KOHA)
Source of classification or shelving scheme Library of Congress Classification
Koha item type Books
Call number prefix Foreign
Holdings
Withdrawn status Lost status Source of classification or shelving scheme Damaged status Home library Current library Shelving location Date acquired Source of acquisition Sub Shelving location Total Checkouts Total Renewals Full call number Barcode Date last seen Date checked out Price effective from Koha item type
    Library of Congress Classification   College Library College Library Reserve Section 01/22/2015 Library Fund   2 19 HG 4521 .M2827 2013 C19060 05/15/2018 03/28/2017 01/22/2015 Books

The elements of investing :

APA

Malkiel B. G., Ellis C. D., . (2013). The elements of investing. Hoboken, NJ: John Wiley & Son Inc.

Chicago

Malkiel Burton Gordon, Ellis Charles D, . 2013. The elements of investing. Hoboken, NJ: John Wiley & Son Inc.

Harvard

Malkiel B. G., Ellis C. D., . (2013). The elements of investing. Hoboken, NJ: John Wiley & Son Inc.

MLA

Malkiel Burton Gordon, Ellis Charles D, . The elements of investing. Hoboken, NJ: John Wiley & Son Inc. 2013.

  • Place hold
  • Print
  • Cite
  • Add to your cart (remove)
  • Save record
    BIBTEX Dublin Core MARCXML MARC (non-Unicode/MARC-8) MARC (Unicode/UTF-8) MARC (Unicode/UTF-8, Standard) MODS (XML) RIS
  • More searches
    Search for this title in:
    Other Libraries (WorldCat) Other Databases (Google Scholar) Online Stores (Bookfinder.com) Open Library (openlibrary.org)

Exporting to Dublin Core...

SOUTHVILLE LIBRARY

Southville International School and Colleges Library

1281 Tropical Ave. Cor. Luxembourg St., BF Homes International, Las Pinas City

Tel. No. 8256374 / 252358 Loc. 117/146

Powered by Koha